LDR 00683naa#a2200169#i#450# 001 EN\\bibl\121172 005 20260607025212.7 011 ## _a2073-0454 100 ## _a20251219b2025####ek#y0engy0150####ca 102 ## _aRU 200 1# _aStatus and trends in the development of institutional cooperation of the CSTO member states in the field of combating crime _eJournal article 210 1# _aMoscow _cMoscow University of the Ministry of Internal Affairs of Russia named after V.Ya. Kikot _d2025 215 ## _a9 с. 608 ## _aJournal article _2local 675 ## _aМеждународное публичное право. 341.1/8 _z 700 #1 _aAlekseeva _gMargarita Mihaylovna 856 4# _amosumvd.editorum.ru _u